000 00766nam a2200241Ia 4500
003 OSt
005 20230824124957.0
008 210716s2006 xx 000 0 und d
020 _a8131401804
040 _cAIMIT LIBRARY
041 _aeng
082 _a368
_21
_bKUMK
100 _aKumar, K B.
_9130850
245 _aICFAI university press on insurance :
_bcustomer service /
_cEdited by K B S Kumar.
250 _a1st ed.
260 _aHyderabad :
_bICFAI University Press ,
_c2006.
300 _aix,228p. ;
_bPB
_c22.7 cm
650 _aInsurance(368)
_9130851
651 _aTracking customer satisfaction
_9130852
651 _aQuality of service in non-life insurance
_9130853
651 _aAt every stop of life
_9130854
942 _2ddc
_cBK
_e1st
_k368 KUMK
999 _c202443
_d202443